Gas Dynamics \ (Record no. 31497)

000 -LEADER
fixed length control field 01000cam a2200301 i 4500
001 - CONTROL NUMBER
control field 816495
003 - CONTROL NUMBER IDENTIFIER
control field 0-471-98440-X
005 - DATE AND TIME OF LATEST TRANSACTION
control field 20211027152104.0
008 - FIXED-LENGTH DATA ELEMENTS--GENERAL INFORMATION
fixed length control field 760302m19761977nyua b 001 0 eng
010 ## - LIBRARY OF CONGRESS CONTROL NUMBER
LC control number 76006855
020 ## - INTERNATIONAL STANDARD BOOK NUMBER
International Standard Book Number 047198440X (v. 1)
038 ## - RECORD CONTENT LICENSOR
Staff Name khadija
040 ## - CATALOGING SOURCE
Original cataloging agency DLC
Transcribing agency DLC
Modifying agency DLC
050 00 - LIBRARY OF CONGRESS CALL NUMBER
Classification number QC168
Item number .Z8 1976
082 00 - DEWEY DECIMAL CLASSIFICATION NUMBER
Classification number 533.2 ZUC
100 1# - MAIN ENTRY--PERSONAL NAME
Personal name Zucrow, Maurice J.
Fuller form of name Hoffman j. Joe
Dates associated with a name 1899-
9 (RLIN) 81261
245 10 - TITLE STATEMENT
Title Gas Dynamics \
Statement of responsibility, etc. Maurice J. Zucrow, Joe D. Hoffman.
260 ## - PUBLICATION, DISTRIBUTION, ETC.
Place of publication, distribution, etc. New York :
Name of publisher, distributor, etc. Wiley,
Date of publication, distribution, etc. c1976-1977.
300 ## - PHYSICAL DESCRIPTION
Extent 2 v. :
Other physical details ill. ;
Dimensions 26 cm.
500 ## - GENERAL NOTE
General note paperback.
504 ## - BIBLIOGRAPHY, ETC. NOTE
Bibliography, etc. note Includes bibliographical references and index.
563 ## - BINDING INFORMATION
Binding note paper back
650 #0 - SUBJECT ADDED ENTRY--TOPICAL TERM
Topical term or geographic name entry element Gas dynamics.
9 (RLIN) 57342
700 1# - ADDED ENTRY--PERSONAL NAME
Personal name Hoffman, Joe D.,
Dates associated with a name 1934-
Relator term joint author.
9 (RLIN) 81262
856 4# - ELECTRONIC LOCATION AND ACCESS
Materials specified Table of Contents
Uniform Resource Identifier <a href="http://www.loc.gov/catdir/toc/onix04/76006855.html">http://www.loc.gov/catdir/toc/onix04/76006855.html</a>
906 ## - LOCAL DATA ELEMENT F, LDF (RLIN)
a 7
b cbc
c orignew
d 1
e ocip
f 19
g y-gencatlg
942 ## - ADDED ENTRY ELEMENTS (KOHA)
Source of classification or shelving scheme
Koha item type Book
Classification part 533.2 ZUC
Item part 6
Holdings
Withdrawn status Lost status Source of classification or shelving scheme Damaged status Not for loan Permanent Location Current Location Shelving location Date acquired Full call number Barcode Date last seen Price effective from Koha item type Public note
          School of Mechanical & Manufacturing Engineering (SMME) School of Mechanical & Manufacturing Engineering (SMME) Reference 06/24/2015 533.2 ZUC SMME-06 03/20/2018 06/24/2015 Book Rack,8-Shelf,2
© 2023 Central Library, National University of Sciences and Technology. All Rights Reserved.